| 000 | 00785cam a22002777a 4500 | ||
|---|---|---|---|
| 003 | CHAP | ||
| 005 | 20220329141745.0 | ||
| 008 | 971013s r 00010 d | ||
| 010 | _a73388 | ||
| 011 | _a74360 | ||
| 035 | _a83919 | ||
| 040 | _cCHAP | ||
| 090 | _aFolleto 6062 | ||
| 100 | 0 | 0 |
_aBarreda, Leopoldo de la. _910358 |
| 245 | 1 | 4 | _aLas plagas del algodonero |
| 260 |
_a(s.l. : _bs.e), _c(s.a.) |
||
| 300 | _app. 108-215 | ||
| 590 |
_aBATCH-UPD _b10 _c20130110 _lUCH01 _h0543 |
||
| 590 |
_aBATCH-UPD _b10 _c20130410 _lUCH01 _h0224 |
||
| 590 |
_aBATCH-UPD _b10 _c20130914 _lUCH01 _h0315 |
||
| 590 |
_aCONVERSION _b10 _c20130109 _lUCH01 _h1340 |
||
| 650 | 1 | 4 |
_aAlgodón _xPlagas. _94046 |
| 901 | _aBK | ||
| 942 | _cFOLL | ||
| 949 |
_aFolleto 6062 _bBC _cFOLL _d-38916 _eTS1 _i83919 _mD _si |
||
| 999 |
_c73388 _d73388 |
||